History Quiz

Random History or Nation Quiz
Score 0/32 Timer 07:00
0 Plays Today
% Correct
Cartwheel
98.3%
Pitchfork
98.2%
Cradle
97.4%
Coffer
97%
Rocking horse
95.8%
Frame saw
95.8%
Bed
94.6%
Barrel
94.1%
Stove
93.8%
Stool
93.6%
Key
93.5%
Flat iron
93%
Oil lamp
92.9%
Cauldron
92.8%
Windmill
91.8%
Sleigh
90.4%
% Correct
Steelyard balance
90.3%
Shears
88.4%
Hoe
87.9%
Churn
84.8%
Hat rack
84.7%
Plough
84.1%
Washboard
83.4%
Cone cows
78.6%
Coffee grinder
78.1%
Sieve
77%
Milk can
76.8%
Loom
75.4%
Spinning wheel
71.6%
Scythe
71.3%
Sickle
71.1%
Planer
57.9%

You're not logged in!

Compare scores with friends on all Sporcle quizzes.
OR
Log In

Sporcle TV

Today on Sporcle TV


Watch our educational content, quiz creation guides, and fun videos on Sporcle TV.

Show Comments

Extras

Top Quizzes Today


Score Distribution

Paid Content

Your Account Isn't Verified!

In order to create a playlist on Sporcle, you need to verify the email address you used during registration. Go to your Sporcle Settings to finish the process.

Report this User

Report this user for behavior that violates our Community Guidelines.

Details: